Transmissions and transformations: Learning through the arts in Asia (Record no. 1394602)

MARC details
000 -LEADER
fixed length control field 00636nam a2200217Ia 4500
005 - DATE AND TIME OF LATEST TRANSACTION
control field 20250508165340.0
008 - FIXED-LENGTH DATA ELEMENTS--GENERAL INFORMATION
fixed length control field 008 250505s9999 xx 000 0 eng d
020 ## - INTERNATIONAL STANDARD BOOK NUMBER
International Standard Book Number 978-81-7658-071-7
037 ## - SOURCE OF ACQUISITION
Stock number Textual
040 ## - CATALOGING SOURCE
Original cataloging agency FEDL
Language of cataloging eng
Transcribing agency FEDL
041 ## - LANGUAGE CODE
Language code of text/sound track or separate title eng
Source of code eng
084 ## - COLON CLASSIFICATION NUMBER
Classification number 709.5, VAT
Assigning agency FEDL
100 ## - MAIN ENTRY--PERSONAL NAME
Personal name Vatsyayan Kapila Ed.
245 #0 - TITLE STATEMENT
Title Transmissions and transformations: Learning through the arts in Asia
245 #0 - TITLE STATEMENT
Statement of responsibility, etc. INDIAN INTERNATIONAL CENTRE
260 ## - PUBLICATION, DISTRIBUTION, ETC.
Place of publication, distribution, etc. Delhi, India
Name of publisher, distributor, etc. Primus Books
Date of publication, distribution, etc. 2011
300 ## - PHYSICAL DESCRIPTION
Extent ix, 175p.
365 ## - TRADE PRICE
Price type code INR
Price amount 650
942 ## - ADDED ENTRY ELEMENTS (KOHA)
Koha item type Textual
Classification part 709.5, VAT
Holdings
Withdrawn status Lost status Damaged status Not for loan Home library Current library Date acquired Cost, normal purchase price Total Checkouts Full call number Barcode Date last seen Price effective from Koha item type
        Department of Education Library Department of Education Library 2025-05-08 650.00   709.5, VAT EL0088241 2025-05-08 2025-05-08 Textual
Copyright @ Delhi University Library System